| 000 | 00913nam a2200253Ia 4500 | ||
|---|---|---|---|
| 003 | OSt | ||
| 005 | 20220923211253.0 | ||
| 006 | a|||||r|||| 00| 0 | ||
| 007 | ta | ||
| 008 | Pun | ||
| 020 |
_a9788178837123 _c220 |
||
| 024 | _a260,707 | ||
| 037 |
_b535, 02/12/2011, H.K. Prakashan _cTextual |
||
| 040 |
_aARTS _cARTS _bPun |
||
| 041 |
_2Pun _aPun |
||
| 082 | _aQ8441:21:g, 153Q0 | ||
| 100 |
_aਸਿੱਧੂ, ਗੁਰੂਮੇਲ ਸਿੰਘ _9156370 |
||
| 245 | 0 |
_aਆਦਿ ਗ੍ਰੰਥ ਤੋ੍ਵ ਦਸਮ ਗ੍ਰੰਥ ਤੱਕ _b ਅਕਾਦਮਿਕ ਵਿFਲੇFਣ |
|
| 260 |
_aਲੁਧਿਆਨਾ _b ਚੇਤਨਾ ਪ੍ਰਕਾFਨ _c2010 |
||
| 300 |
_a173ਪੰ _ccm. |
||
| 650 | _aਧOਰੁ Fਸੱਢ | ||
| 942 |
_hQ8441:21:g, 153Q0 _cTEXL _2CC |
||
| 999 |
_c298029 _d298029 |
||